<?xml version="1.0" encoding="UTF-8"?>
<record
    xmlns:xsi="http://www.w3.org/2001/XMLSchema-instance"
    xsi:schemaLocation="http://www.loc.gov/MARC21/slim http://www.loc.gov/standards/marcxml/schema/MARC21slim.xsd"
    xmlns="http://www.loc.gov/MARC21/slim">

  <leader>02157cam a2200337 i 4500</leader>
  <controlfield tag="001">000048344</controlfield>
  <controlfield tag="003">DO-SdBNP</controlfield>
  <controlfield tag="005">20251031085125.0</controlfield>
  <controlfield tag="007">ta</controlfield>
  <controlfield tag="008">190208s2012    dr acd gr|||||||1 m|spa d</controlfield>
  <datafield tag="040" ind1=" " ind2=" ">
    <subfield code="a">DO-SdBNP</subfield>
    <subfield code="b">spa</subfield>
    <subfield code="c">BNPHU</subfield>
  </datafield>
  <datafield tag="082" ind1=" " ind2=" ">
    <subfield code="a">xxxx</subfield>
    <subfield code="b">R426o</subfield>
  </datafield>
  <datafield tag="110" ind1="1" ind2=" ">
    <subfield code="a">Rep&#xFA;blica Dominicana.</subfield>
    <subfield code="b">Ministerio de Industr&#xED;a y Comercio</subfield>
    <subfield code="9">75764</subfield>
  </datafield>
  <datafield tag="245" ind1="1" ind2="0">
    <subfield code="a">Ocho a&#xF1;os de estabilidad y progreso :</subfield>
    <subfield code="b">huellas de una gesti&#xF3;n &#xE9;xitosa /</subfield>
    <subfield code="c">pr&#xF3;logo: Manuel Garc&#xED;a Ar&#xE9;velo ; fotograf&#xED;as: Tony Arias, Rafael Fedrreira.</subfield>
  </datafield>
  <datafield tag="264" ind1=" " ind2=" ">
    <subfield code="a">Santo Domingo, Rep&#xFA;blica Dominicana :</subfield>
    <subfield code="b">Ministerio de Industria y Comercio, </subfield>
    <subfield code="c">2012.</subfield>
  </datafield>
  <datafield tag="300" ind1=" " ind2=" ">
    <subfield code="a">196 p&#xE1;ginas :</subfield>
    <subfield code="b">ilustraciones, gr&#xE1;ficas, retratos ;</subfield>
    <subfield code="c">29 cm.</subfield>
  </datafield>
  <datafield tag="336" ind1=" " ind2=" ">
    <subfield code="a">texto</subfield>
    <subfield code="b">txt</subfield>
    <subfield code="2">rdacontent</subfield>
  </datafield>
  <datafield tag="337" ind1=" " ind2=" ">
    <subfield code="a">sin mediaci&#xF3;n </subfield>
    <subfield code="b">n </subfield>
    <subfield code="2">rdamedia</subfield>
  </datafield>
  <datafield tag="338" ind1=" " ind2=" ">
    <subfield code="a">volumen </subfield>
    <subfield code="b">nc </subfield>
    <subfield code="2">rdacarrier</subfield>
  </datafield>
  <datafield tag="505" ind1="0" ind2=" ">
    <subfield code="a">Presentaci&#xF3;n --</subfield>
    <subfield code="t">Despacho --</subfield>
    <subfield code="t">Comercio interno --</subfield>
    <subfield code="t">Energ&#xED;a no convencional e hidrocarburos --</subfield>
    <subfield code="t">Direcci&#xF3;n de comercio exterior y administraci&#xF3;n de tratados comerciales internacionales (Dicoex) --</subfield>
    <subfield code="t">Direcci&#xF3;n de Miner&#xED;a --</subfield>
    <subfield code="t">Consejo Nacional de Promoci&#xF3;n y Apoyo a la Micro, Peque&#xF1;a y Mediana Empresa --</subfield>
    <subfield code="t">Consejo Nacional de Zona Francas Francas de Exportaciones --</subfield>
    <subfield code="t">Consultor&#xED;a jur&#xED;dica --</subfield>
    <subfield code="t">Oficina de acceso a la informaci&#xF3;n --</subfield>
    <subfield code="t">Direcci&#xF3;n de recursos humanos --</subfield>
    <subfield code="t">Direcci&#xF3;n de planificaci&#xF3;n y desarrollo --</subfield>
    <subfield code="t">Oficina nacional de propiedad industrial (Onapi) --</subfield>
    <subfield code="t">Direcci&#xF3;n general de normas y sistemas calidad (Digenor) --</subfield>
    <subfield code="t">Direcci&#xF3;n de comunicaciones --</subfield>
    <subfield code="t">Departamento de inform&#xE1;tica --</subfield>
    <subfield code="t">Direcci&#xF3;n administrativa y financiera --</subfield>
    <subfield code="t">Asesor&#xED;a mar&#xED;tima.</subfield>
  </datafield>
  <datafield tag="590" ind1=" " ind2=" ">
    <subfield code="a">Inventariado, 2019/LP</subfield>
  </datafield>
  <datafield tag="650" ind1=" " ind2="0">
    <subfield code="a">Industrias</subfield>
    <subfield code="9">32244</subfield>
    <subfield code="z">Rep&#xFA;blica Dominicana</subfield>
  </datafield>
  <datafield tag="650" ind1=" " ind2="0">
    <subfield code="a">Rendimiento industrial</subfield>
    <subfield code="9">48414</subfield>
    <subfield code="z">Rep&#xFA;blica Dominicana</subfield>
  </datafield>
  <datafield tag="650" ind1=" " ind2="0">
    <subfield code="a">Condiciones econ&#xF3;micas</subfield>
    <subfield code="9">75414</subfield>
    <subfield code="z">Rep&#xFA;blica Dominicana</subfield>
  </datafield>
  <datafield tag="650" ind1=" " ind2="0">
    <subfield code="a">Administraci&#xF3;n p&#xFA;blica</subfield>
    <subfield code="v">Informe </subfield>
    <subfield code="z">Rep&#xFA;blica Dominicana </subfield>
    <subfield code="9">77190</subfield>
  </datafield>
  <datafield tag="651" ind1=" " ind2="0">
    <subfield code="a">Rep&#xFA;blica Dominicana</subfield>
    <subfield code="9">78065</subfield>
    <subfield code="x">Comercio</subfield>
  </datafield>
  <datafield tag="700" ind1="1" ind2=" ">
    <subfield code="a">Garc&#xED;a Ar&#xE9;velo, Manuel,</subfield>
    <subfield code="e">pr&#xF3;logo</subfield>
    <subfield code="9">75765</subfield>
  </datafield>
  <datafield tag="700" ind1="1" ind2=" ">
    <subfield code="a">Arias, Tony,</subfield>
    <subfield code="e">ilustrador</subfield>
    <subfield code="9">75766</subfield>
  </datafield>
  <datafield tag="700" ind1="1" ind2=" ">
    <subfield code="a">Fedrreira, Rafael,</subfield>
    <subfield code="e">ilustrador</subfield>
    <subfield code="9">75767</subfield>
  </datafield>
  <datafield tag="942" ind1=" " ind2=" ">
    <subfield code="2">ddc</subfield>
    <subfield code="c">LBS1</subfield>
  </datafield>
  <datafield tag="952" ind1=" " ind2=" ">
    <subfield code="0">0</subfield>
    <subfield code="1">0</subfield>
    <subfield code="7">1</subfield>
    <subfield code="8">PD</subfield>
    <subfield code="a">PD</subfield>
    <subfield code="b">PD</subfield>
    <subfield code="c">HD</subfield>
    <subfield code="d">2019-02-08</subfield>
    <subfield code="i">LF1</subfield>
    <subfield code="l">0</subfield>
    <subfield code="o">xxxx R426o</subfield>
    <subfield code="p">48344-10</subfield>
    <subfield code="r">2020-06-25</subfield>
    <subfield code="w">2020-06-25</subfield>
    <subfield code="y">LFPD</subfield>
    <subfield code="Z">No se presta</subfield>
  </datafield>
  <datafield tag="999" ind1=" " ind2=" ">
    <subfield code="c">47832</subfield>
    <subfield code="d">47832</subfield>
  </datafield>
</record>
